000
00270nam a22001337a 4500
008
170627b xxu||||| |||| 00| 0 eng d
020
_a
31732
041
_a
eng
080
_a
821
100
_a
21
101
_a
gjl
245
_a
SPOKEN SPANISH
_c
KANY
942
_2
udc
_c
BK
999
_c
19248
_d
19248